Marketing a reklama na internetu
Saved in:
| Main Author: | |
|---|---|
| Other Authors: | , |
| Format: | Book |
| Language: | Czech |
| Published: |
Praha
Grada Publishing
1998
|
| Subjects: | |
| Tags: |
No Tags, Be the first to tag this record!
|
MARC
| LEADER | 00000nam a2200000 4500 | ||
|---|---|---|---|
| 001 | c111799 | ||
| 005 | 20240201122901.2 | ||
| 020 | |a 80-7169-630-7 | ||
| 041 | 0 | |a cze | |
| 044 | |a CZ | ||
| 245 | 1 | 0 | |a Marketing a reklama na internetu |c Petr Stuchlík, Martin Pegner, Martin Dvořáček |
| 264 | 1 | |a Praha |b Grada Publishing |c 1998 | |
| 300 | |a 198 s. | ||
| 610 | 2 | 0 | |a marketing |
| 610 | 2 | 0 | |a reklama |
| 610 | 2 | 0 | |a počítače |
| 610 | 2 | 0 | |a siete počítačové |
| 610 | 2 | 0 | |a servery |
| 610 | 2 | 0 | |a internet |
| 100 | 1 | |a Stuchlík, Petr | |
| 700 | 1 | |a Pegner, Martin | |
| 700 | 1 | |a Dvořáček, Martin | |